Labour Market Transitions and Their Determinants in Slovakia: Path From Crisis to Recovery

Tranzície medzi statusmi ekonomickej aktivity počas finančnej a ekonomickej krízy a po jej ukončení na Slovensku. Zmeny v prechodoch medzi zamestnanosťou, nezamestnanosťou a neaktivitou v uvedenom období. Faktory a ich meniaca sa úloha. Zmeny statusovej mobility a modely prechodov na trhu práce.

Salvato in:
Dettagli Bibliografici
Autore principale: Gerbery, Daniel
Altri autori: Miklošovič, Tomáš
Natura: Capitolo di libro
Lingua:inglese
Soggetti:
Tags: Aggiungi Tag
Nessun Tag, puoi essere il primo ad aggiungerne!!

MARC

LEADER 00000naa a2200000 4500
001 0268176
005 20200903083329.8
041 0 |a eng 
044 |a SK 
245 1 0 |a Labour Market Transitions and Their Determinants in Slovakia: Path From Crisis to Recovery  |c Daniel Gerbery, Tomáš Miklošovič 
520 |a Tranzície medzi statusmi ekonomickej aktivity počas finančnej a ekonomickej krízy a po jej ukončení na Slovensku. Zmeny v prechodoch medzi zamestnanosťou, nezamestnanosťou a neaktivitou v uvedenom období. Faktory a ich meniaca sa úloha. Zmeny statusovej mobility a modely prechodov na trhu práce. 
610 2 0 |a trh práce 
610 2 0 |a Slovensko 
610 2 0 |a kríza hospodárska 
610 2 0 |a regresia 
610 2 0 |a kríza finančná 
610 2 0 |a zamestnanosť 
610 2 0 |a nezamestnanosť 
100 1 |a Gerbery, Daniel 
700 1 |a Miklošovič, Tomáš